The story of religion in America, (Record no. 47302)
[ view plain ]
| 000 -LEADER | |
|---|---|
| fixed length control field | 00902cam a22002891 4500 |
| 001 - CONTROL NUMBER | |
| control field | 6907534 |
| 005 - DATE AND TIME OF LATEST TRANSACTION | |
| control field | 20190806135131.0 |
| 008 - FIXED-LENGTH DATA ELEMENTS--GENERAL INFORMATION | |
| fixed length control field | 741114s1939 xx 000 0 eng |
| 010 ## - LIBRARY OF CONGRESS CONTROL NUMBER | |
| LC control number | 39023874 |
| 035 ## - SYSTEM CONTROL NUMBER | |
| System control number | (OCoLC)1074831 |
| 040 ## - CATALOGING SOURCE | |
| Original cataloging agency | DLC |
| Transcribing agency | ODaWU |
| Modifying agency | DLC |
| 042 ## - AUTHENTICATION CODE | |
| Authentication code | premarc |
| 043 ## - GEOGRAPHIC AREA CODE | |
| Geographic area code | n-us--- |
| 100 1# - MAIN ENTRY--PERSONAL NAME | |
| Personal name | Sweet, William Warren, |
| Dates associated with a name | 1881-1959. |
| 245 14 - TITLE STATEMENT | |
| Title | The story of religion in America, |
| Statement of responsibility, etc | by William Warren Sweet... |
| 260 ## - PUBLICATION, DISTRIBUTION, ETC. (IMPRINT) | |
| Place of publication, distribution, etc | New York and London: |
| Name of publisher, distributor, etc | Harper & brothers, |
| Date of publication, distribution, etc | [c1939] . |
| 300 ## - PHYSICAL DESCRIPTION | |
| Extent | vi p., 2 l., 656 p. ; |
| Dimensions | 22 1/2 cm. |
| 336 ## - CONTENT TYPE | |
| Content Type Term | text |
| 337 ## - MEDIA TYPE | |
| Media Type Term | unmediated |
| 338 ## - CARRIER TYPE | |
| Carrier Type Term | volume |
| 500 ## - GENERAL NOTE | |
| General note | On cover: Revised edition. |
| 500 ## - GENERAL NOTE | |
| General note | Published previously, 1930, under title: The story of religions in America. |
| 504 ## - BIBLIOGRAPHY, ETC. NOTE | |
| Bibliography, etc | Bibliography: 599-624. |
| 651 #0 - SUBJECT ADDED ENTRY--GEOGRAPHIC NAME | |
| Geographic name | United States |
| General subdivision | Church history. |
| 651 #0 - SUBJECT ADDED ENTRY--GEOGRAPHIC NAME | |
| Geographic name | United States |
| General subdivision | Religion. |
| 942 ## - ADDED ENTRY ELEMENTS (KOHA) | |
| Source of classification or shelving scheme | Library of Congress Classification |
| Item type | Books |
| Withdrawn status | Lost status | Source of classification or shelving scheme | Damaged status | Not for loan | Home library | Current library | Shelving location | Date acquired | Source of acquisition | Inventory number | Total Checkouts | Full call number | Barcode | Date last seen | Price effective from | Koha item type |
|---|---|---|---|---|---|---|---|---|---|---|---|---|---|---|---|---|
| Library of Congress Classification | BSOP Library | BSOP Library | GC | 07/19/2019 | Denver Seminary | 8223 | BR515 Sw3 | 00019272 | 07/19/2019 | 07/19/2019 | Books |
